000 00625nam a2200205 a 4500
005 20250211063747.0
008 030228s1996 mx r 000 0 spa d
020 _a9688426164
035 _aUPN01000122282
049 _aCG
050 4 _aHN110.5 A8
_bL4.2
100 1 _aLerner, Bertha
245 1 0 _aAmérica Latina :
_blos debates en política social, desigualdad y pobreza /
_cBertha Lerner.
260 _aMéxico :
_bM. A. Porrúa,
_c1996.
300 _a187 p.
440 0 _aLas ciencias sociales
651 2 _aAmérica Latina
_xCondiciones sociales
_92836
650 4 _aPobreza
_zAmérica Latina
_91197
905 _aLibro
999 _c94479
_d94479